On socialist democracy (Record no. 7091)

MARC details
000 -LEADER
fixed length control field 00406nam a22001817i 4500
001 - CONTROL NUMBER
control field 8477
003 - CONTROL NUMBER IDENTIFIER
control field OSt
005 - DATE AND TIME OF LATEST TRANSACTION
control field 20170126082411.0
007 - PHYSICAL DESCRIPTION FIXED FIELD--GENERAL INFORMATION
fixed length control field tu
008 - FIXED-LENGTH DATA ELEMENTS--GENERAL INFORMATION
fixed length control field 161220s1972 xxu||||| |||| 00| 0 d
024 7# - OTHER STANDARD IDENTIFIER
Standard number or code 8477
Source of number or code RID
040 ## - CATALOGING SOURCE
Transcribing agency OSt
100 1# - MAIN ENTRY--PERSONAL NAME
Personal name Medvedev, Roy
245 00 - TITLE STATEMENT
Title On socialist democracy
260 ## - PUBLICATION, DISTRIBUTION, ETC.
Place of publication, distribution, etc. Amsterdam & Paris :
Name of publisher, distributor, etc. Alexander Herzen Found.,
Date of publication, distribution, etc. 1972.
300 ## - PHYSICAL DESCRIPTION
Extent 401 S.
500 00 - GENERAL NOTE
General note Russisch
942 ## - ADDED ENTRY ELEMENTS (KOHA)
Koha item type Book
Holdings
Withdrawn status Lost status Damaged status Not for loan Home library Current library Shelving location Date acquired Inventory number Total Checkouts Full call number Barcode Date last seen Price effective from Koha item type
        WIIW WIIW Souterrain 08/22/2013 8477   I-42 10005762 01/26/2017 01/26/2017 Book
The Vienna Instiute for International Economic Studies (wiiw)